Geng Taekwondo (Record no. 133125)

MARC details
000 -LEADER
fixed length control field 00810nam a2200277 i 4500
001 - CONTROL NUMBER
control field C2-0334690
003 - CONTROL NUMBER IDENTIFIER
control field PPAK
005 - DATE AND TIME OF LATEST TRANSACTION
control field 20180728134431.0
008 - FIXED-LENGTH DATA ELEMENTS--GENERAL INFORMATION
fixed length control field 151111s2014 my a|||| ||||| | may d
020 ## - INTERNATIONAL STANDARD BOOK NUMBER
International Standard Book Number 9789670604527
040 ## - CATALOGING SOURCE
Original cataloging agency PPAK
Language of cataloging eng
Transcribing agency PPAK
Description conventions rda
082 04 - DEWEY DECIMAL CLASSIFICATION NUMBER
Classification number 899.233
Edition number 23
090 00 - LOCALLY ASSIGNED LC-TYPE CALL NUMBER (OCLC); LOCAL CALL NUMBER (RLIN)
Classification number (OCLC) (R) ; Classification number, CALL (RLIN) (NR) 899.233
Feature heading ABU
Feature heading K
100 0# - MAIN ENTRY--PERSONAL NAME
Personal name Abu Huzaifah Alias,
Dates associated with a name 2001-
Relator term author
245 10 - TITLE STATEMENT
Title Geng Taekwondo
264 #1 - PRODUCTION, PUBLICATION, DISTRIBUTION, MANUFACTURE, AND COPYRIGHT NOTICE
Place of production, publication, distribution, manufacture Kuala Lumpur :
Name of producer, publisher, distributor, manufacturer Ana Muslim ,
Date of production, publication, distribution, manufacture, or copyright notice 2014
300 ## - PHYSICAL DESCRIPTION
Extent 105 pages :
Other physical details illustrations ;
Dimensions 18 cm
336 ## - CONTENT TYPE
Source rdacontent
Content type term text
337 ## - MEDIA TYPE
Source rdamedia
Media type term unmediated
338 ## - CARRIER TYPE
Source rdacarrier
Carrier type term volume
490 1# - SERIES STATEMENT
Series statement Siri Penulis Muda Ana Muslim
650 10 - SUBJECT ADDED ENTRY--TOPICAL TERM
Topical term or geographic name entry element Children's stories, Malay.
700 0# - ADDED ENTRY--PERSONAL NAME
Personal name Qurratul Malyanah Shuhaimi,
Relator term editor
830 #0 - SERIES ADDED ENTRY--UNIFORM TITLE
Uniform title Siri Penulis Muda Ana Muslim
942 ## - ADDED ENTRY ELEMENTS (KOHA)
-- dc
Koha item type Book
Holdings
Withdrawn Not for loan Current library Shelving location Date acquired Total Checkouts Total Renewals Full call number Barcode Date last seen Date last checked out Koha item type
    Perpustakaan Alor Setar Pinjaman Kanak-kanak 19/11/2015 8 2 K 899.233 ABU A01472871 09/03/2025 15/02/2025 Book
    Perpustakaan Awam Sungai Petani Pinjaman Kanak-kanak 19/11/2015 11   K 899.233 ABU A01472872 26/05/2025 22/06/2024 Book
    Perpustakaan Bandar Baharu Pinjaman Kanak-kanak 19/11/2015     K 899.233 ABU A01472877 09/05/2018   Book
    Perpustakaan Jitra Pinjaman Kanak-kanak 19/11/2015 3   K 899.233 ABU A01472874 23/12/2019 15/12/2019 Book
    Perpustakaan Kulim Pinjaman Kanak-kanak 19/11/2015 3   K 899.233 ABU A01472875 01/11/2020 27/09/2020 Book
    Perpustakaan Langkawi Pinjaman Kanak-kanak 19/11/2015     K 899.233 ABU A01472873 09/05/2018   Book
    Perpustakaan Merbok Pinjaman Kanak-kanak 19/11/2015     K 899.233 ABU A01472876 09/05/2018   Book
    Perpustakaan Sik Pinjaman Kanak-kanak 19/11/2015     K 899.233 ABU A01472878 09/05/2018   Book